000 01577nam a22003257a 4500
999 _c60080
_d60080
003 Ge_BSU
005 20230605171748.0
008 230605s2018 enk||||| |||| 00| 0 eng d
020 _a9788378932369
041 _aeng
080 _a159.9(479.22)(092 უზნაძე, დ.) U-99
100 _aUznadze, Dimitri
_918486
245 _aSelected works :
_bcommented by contemporary Georgian scholars /
_cDimitri Uznadze; translated from Georgian by Ketevan Todadze; edited by Nino Javakhishvili, Nino Butsashvili; text design, Ketevan Ghonghadze.
250 _a2nd edition
264 _aWojnowice :
_bKEW : Ilia State University,
_c2018.
300 _a164 p. ;
_b23 cm.
504 _aბიბლიოგრაფია: გვ. 162-163 და ტექსტის შენიშვნებში.
653 _aUznadze, Dimitri, 1886-1950.
653 _aფსიქოლოგია.
653 _aპედაგოგიკური ფსიქოლოგია.
653 _aქართველი ფსიქოლოგები.
700 _aTodadze, Ketevan
_eმთარგმნელი
_918487
700 _aJavakhishvili, Nino
_eრედაქტორი.
_918488
700 _aButsashvili, Nino
_eრედაქტორი
_918489
700 _aGhonghadze, Ketevan
_eტექსტის დიზაინერი
_918490
700 _aMirtskhulava, Rusudan
_eავტორი.
_918491
700 _aMakashvili, Ketevan
_eავტორი
_918492
700 _aChitashvili, Narine
_eავტორი
_918493
942 _2udc
_cBK